000 00874nam a22002777a 4500
001 9035
003 FISKH
005 20251117093129.0
008 251117b cb ||||| |||| 00| 0 eng d
020 _a9780486273013
040 _aFISKH
_beng
_cFISKH
_dFISKH
050 _aPR5489 .C5
082 _a821.8
100 _aStevenson, Robert Louis
_eAuthor
245 _aA child's garden of verses /
_cRobert Louis Stevenson ; illustrated by Thea Kliros
260 _aNew York :
_bDover Publications Inc. ,
_c1885
300 _a88 pages :
_bIllustrations ;
_c21 cm
505 _aL
520 _aA collection of poems evoking the world and feelings of childhood.
521 8 _a600
_bLexile estimate
521 8 _aL
_bRaz-Plus
650 _aChildren's literature
_vChildren's poetry
700 _aKliros, Thea
_eIllustrator
942 _2ddc
_cBK
_n0
999 _c9035
_d9035